Beru si život zpátky /
Autentický životní příběh o pádu na úplné dno. Milan Novotný prožil krušné dětství, prošel drogovou závislostí i vězeňským prostředím. Jeho syrově psaný dramatický příběh však směřuje k naději, kterou je třeba hledat za všech okolností.
Uloženo v:
| Hlavní autor: | |
|---|---|
| Médium: | Kniha |
| Jazyk: | Czech |
| Vydáno: |
Praha :
XYZ,
2026
|
| Vydání: | Vydání první |
| Témata: | |
| Celkem bylo vypůjčeno: | 0x |
| Tagy: |
Žádné tagy |
| LEADER | 02908nam a2200553 i 4500 | ||
|---|---|---|---|
| 001 | 106719 | ||
| 003 | CZ PrNK | ||
| 005 | 20260702083923.0 | ||
| 007 | ta | ||
| 008 | 260612s2026 xr g 000 facze | ||
| 015 | |a cnb003762664 | ||
| 020 | |a 9788026770671 |q (brožováno) : |c Kč 369,00 | ||
| 040 | |a ABG001 |b cze |d BOA001 |e rda | ||
| 072 | 7 | |a 821.162.3-3 |x Česká próza |2 Konspekt |9 25 | |
| 072 | 7 | |a 929 |x Biografie |2 Konspekt |9 8 | |
| 080 | |a 821.162.3-3 |2 MRF | ||
| 080 | |a 343.8-051 |2 MRF | ||
| 080 | |a 364.692:615.015.6-051 |2 MRF | ||
| 080 | |a 364.63-027.553 |2 MRF | ||
| 080 | |a 929 |2 MRF | ||
| 080 | |a (437.3) |2 MRF | ||
| 080 | |a (0:82-322.6) |2 MRF | ||
| 100 | 1 | |a Novotný, Milan |7 xx0346473 |4 aut |9 117561 | |
| 245 | 1 | 0 | |a Beru si život zpátky / |c Milan Novotný |
| 250 | |a Vydání první | ||
| 264 | 1 | |a Praha : |b XYZ, |c 2026 | |
| 300 | |a 198 stran ; |c 21 cm | ||
| 336 | |a text |b txt |2 rdacontent | ||
| 337 | |a bez média |b n |2 rdamedia | ||
| 338 | |a svazek |b nc |2 rdacarrier | ||
| 500 | |a Obálkový podnázev: cesta z temnoty závislosti zpět ke svobodě | ||
| 520 | 2 | |a Autentický životní příběh o pádu na úplné dno. Milan Novotný prožil krušné dětství, prošel drogovou závislostí i vězeňským prostředím. Jeho syrově psaný dramatický příběh však směřuje k naději, kterou je třeba hledat za všech okolností. |b Kniha vychází z autentického životního příběhu autora - popisuje jeho dětství poznamenané násilím a napjatými rodinnými vztahy, otcovo fyzické týrání i nejistý vztah s matkou a sestrou, které zásadně ovlivnily jeho další životní směřování. Vyprávění pokračuje otevřeným pohledem na prostředí vězení, výkon trestu i boj s drogovou závislostí. Dramatický příběh plný zvratů a těžkých situací však směřuje k naději - i z nejtěžších pádů je možné najít cestu k novému začátku. Nakladatelská anotace. | |
| 600 | 1 | 7 | |a Novotný, Milan |7 xx0346473 |2 czenas |9 117561 |
| 648 | 7 | |a 20.-21. století |7 ch462155 |2 czenas |9 53009 | |
| 650 | 0 | 7 | |a vězni |7 ph127393 |y 21. století |z Česko |2 czenas |
| 650 | 0 | 7 | |a drogově závislí |7 ph114362 |y 21. století |z Česko |2 czenas |
| 650 | 0 | 7 | |a domácí násilí |7 ph137285 |y 20.-21. století |z Česko |2 czenas |
| 650 | 0 | 9 | |a prisoners |y 21st century |z Czechia |2 eczenas |
| 650 | 0 | 9 | |a narcotic addicts |y 21st century |z Czechia |2 eczenas |
| 650 | 0 | 9 | |a family violence |y 20th-21st centuries |z Czechia |2 eczenas |
| 655 | 7 | |a české prózy |7 fd133972 |2 czenas |9 54029 | |
| 655 | 7 | |a autobiografické prózy |7 fd131850 |2 czenas |9 53454 | |
| 655 | 9 | |a Czech prose |2 eczenas | |
| 655 | 9 | |a autobiographical prose |2 eczenas | |
| 710 | 2 | |a XYZ (nakladatelství) |7 xx0213151 |4 pbl |9 117186 | |
| 910 | |a UOG502 | ||
| 942 | |2 ddc |c KN | ||
| 999 | |d 106719 | ||
| 993 | |0 0 |1 421180107448 |2 ddc |4 0 |7 0 |9 100233 |b 0 |c 107448 |d 2026-07-02 |e 0 |f DOSP |h 369.00 |i Koupě |l DOSP |r 2026-07-02 |t 6 |w 2026-07-02 |y KN |z BELET |n | ||